I Know Places lyrics - Statistics

General Stats
  • This quiz has been taken 555 times
    350 since last reset
  • The average score is 225 of 296
Answer Stats
Lyrics % Correct
I
99%
I,
99%
a
96%
we
95%
know
94%
places
93%
and
92%
And
92%
the
92%
can
88%
they
88%
They
88%
be
87%
are
86%
Baby,
86%
won't
85%
hide
84%
run
84%
hunters,
83%
to
83%
found
81%
foxes
81%
foxes,
81%
us
81%
You
81%
you
81%
you,
81%
my
80%
they'll
80%
down
78%
it
77%
it,
77%
chasing
76%
'Cause
75%
hand
74%
track
74%
your
74%
love
72%
trying
72%
ever
70%
It's
70%
it's
70%
on
70%
their
70%
don't
68%
me,
68%
me
68%
got
66%
so
66%
in
65%
In
65%
Just
65%
drop
64%
we're
64%
guns
63%
hear
63%
tails
63%
cages,
62%
out
62%
out,
62%
with
62%
stand
61%
when
61%
boxes
60%
but
60%
waistline
60%
grab
59%
for
58%
them
57%
time
53%
always
52%
as
52%
by
52%
See
52%
take
52%
bad
51%
could
51%
of
51%
sign,
51%
sign
51%
burn
50%
everybody
49%
finds
49%
all
48%
happens
48%
here
48%
Something
48%
whisper
48%
flame,
47%
little
47%
night,
47%
Not
47%
pass
47%
this
47%
Love's
46%
plain
46%
say
46%
sight
46%
fragile
45%
want,
45%
what
45%
bulletproof
44%
damn
44%
dark
44%
eyes
42%
Let
42%
vultures
42%
clouds
41%
ships
41%
circling,
40%
shots
40%
dead
39%
Lights
39%
we'll
39%
flash
38%
green
38%
fences
37%
sink
37%
scene
35%
lips
34%
Loose
34%
No matching quizzes found
Score Distribution
Percent of People with Each Score
Percentile by Number Answered
Your Score History
You have not taken this quiz since the last reset